000
00303nam a22001457a 4500
003
SGT
020
_a
9789387472167
082
_a
384.54
_b
NEE
100
_a
NEELAMALAR
245
_a
RADIO PROGRAMME PRODUCTION
260
_a
INDIA
_c
2023
_b
PHI PUB.
300
_a
233
650
_a
BJMC
942
_2
ddc
_c
BK
999
_c
32138
_d
32138